• 首页
  • 本馆介绍
  • 公告通知
  • 最新文献
  • 馆藏检索
  • 电子资源
  • 读者导购
  • 参考咨询
  • 我的图书馆
  • 登录
  • 详细信息显示
  • 放入我的书架
  • 预约/预借图书
  • 作者相关作品
  • 分类相关作品
  • 丛书相关作品
  • 出版社相关作品

书目信息

  • 表格格式
  • 工作单格式
  • 卡片格式
题名:
人民至上
    
 
作者: 刘儒 著
分册:  
出版信息: 北京   商务印书馆  2023.04
页数:
开本:
丛书名:
单 册:
中图分类: D252
科图分类:
主题词: 中国共产党
电子资源:
ISBN: 7-100-22284-2
000 00502nam0 2200181 450
001 2457408274
005 20240422085351.36
010    @a7-100-22284-2@dCNY49.00
100    @a20240419d2023 km y0chiy0120 ea
101 0  @achi
102    @aCN@b110000
200 1  @a人民至上@ARen Min Zhi Shang@f刘儒著@FLiu Ru Zhu
210    @a北京@c商务印书馆@d2023.04
606 0  @a中国共产党
690    @aD252@v4
701  0 @a刘儒@ALiu Ru@4著
801  0 @aCN@b大连网信软件有限公司图书馆·11@c20240422
905    @aZUCC@dD252@e267
    
    人民至上/刘儒著.-北京:商务印书馆,2023.04
    
    
    
    ISBN 7-100-22284-2:CNY49.00
    
●
相关链接 在E读中查询图书 在五车中查询图书 在当当中查询图书 在豆瓣中查询图书


正题名:人民至上     索取号:D252/267         预约/预借

序号 登录号 条形码 馆藏地/架位号 状态 备注
1 1057203   210572030   廉洁文化教育区/ [索取号:D252/267] 在馆    
唐山师范学院图书馆 欢迎您!
大连网信软件有限公司© 版权所有